000 00248nam a2200109Ia 4500
008 190216s9999||||xx |||||||||||||| ||und||
100 _aNull
245 0 _aIndian Trade Unions Act
260 _bCentral Law Agenccy
_c1997
300 _a19p
942 _cBK
999 _c8323
_d8323